In the Shadows of the Enlightenment
| Titel: | In the Shadows of the Enlightenment : Irish Praise for Poland |
|---|---|
| Verfasser: | |
| In: |
Notions of the self, (2012), Seite 107-126 alle Artikel anzeigen |
| Veröffentlicht: | 2012 |
| Format: | Aufsatz |
| Sprache: | Englisch |
X
alg: 39267983
001A $01999:11-11-16
001B $01999:06-04-21 $t20:51:35.000
001D $01999:11-11-16
001U $0utf8
001X $00
002@ $0Aox
003@ $0392679833
007A $0392679833 $aHEB
007T $0Herdc0097943m
010@ $aeng
011@ $a2012
021A $aIn the Shadows of the Enlightenment $dIrish Praise for Poland
028A $BVerfasser $4aut $713167207X $8Healy, Róisín$Z1969- [Tp1] $9178308692
031A $h107-126 $j2012
039B $aIn $8--Aau--. Notions of the self. - Zielona Góra {[u.a.] : Uniw. Zielonogórski {[u.a.], 2012. - 197 S.. - Ill.. - ISBN 978-83-7842-018-7 $x201200000000000893 $9313453519
045F $a900.943809032 $eDDC23BSB
045F/01 $a900
045F/03 $f09032
045F/03 $f9033
045F/03 $f9034
045F/03 $g438
lok: 39267983 78
exp: 39267983 78 1 #EPN
201B/01 $019-04-17 $t11:28:33.000
201U/01 $0utf8
203@/01 $0788779184
208@/01 $a11-11-16 $be
209A/01 $a/ $f000 $x00
220C/01 $aTitelaufnehmer: pg
220C/01 $aHerkunft: HI Marburg
220C/01 $aAnmerkung: *NG
244Z/01 $2Trx $#Poola $#Lenkija $#Polija $#Polen Land $#Poland $#Lengyelország $#Poľsko $#Polsko $8--Trx--Polska$gkraj $x01 $9391345966
244Z/01 $2Trx $#Irland $#Irlandia $#Irsko $8--Trx--Ireland $x02 $939115544X
244Z/01 $aGeschichte 1750-1800 $x03
244Z/01 $2Trx $#valgustusajastu $#Apšvieta $#Enlightenment $#felvilágosodás $#oświecenie $#osvietenstvo $#osvícenství $8--Trx--Aufklärung $x04 $9391364642
244Z/01 $2Trx $8--Trx--Einzelbeiträge $x05 $9391384570
245Z/01 $a06.03.03 $x01
247C/01 $82080>Marburg/Lahn, Herder-Institut, Forschungsbibliothek, Bibliographieportal $9336309341
| LEADER | 00000caa a22000002c 4500 | ||
|---|---|---|---|
| 001 | 392679833 | ||
| 003 | DE-603 | ||
| 005 | 20210406205135.0 | ||
| 007 | tu | ||
| 008 | 161111s2012 xx |||| | u00||u|eng c | ||
| 035 | |a (DE-599)HEB392679833 | ||
| 040 | |a DE-603 |b ger |c DE-603 |d DE-603 | ||
| 041 | |a eng | ||
| 082 | 0 | 4 | |8 1\u |a 900.943809032 |q DE-101 |2 23/BSB |
| 085 | |8 1\u |b 900 | ||
| 085 | |8 1\u |z 1 |s 09032 | ||
| 085 | |8 1\u |z 1 |s 9033 | ||
| 085 | |8 1\u |z 1 |s 9034 | ||
| 085 | |8 1\u |z 2 |s 438 | ||
| 100 | 1 | |a Healy, Róisín |d 1969- |e Verfasser |4 aut |0 (DE-603)178308692 |0 (DE-588)13167207X |2 gnd | |
| 245 | 0 | 0 | |a In the Shadows of the Enlightenment |b Irish Praise for Poland |
| 264 | 0 | |c 2012 | |
| 773 | 0 | 8 | |i In |t Notions of the self |d Zielona Góra [u.a.] : Uniw. Zielonogórski [u.a.], 2012 |h 197 S., Ill. |z 9788378420187 |g (2012), Seite 107-126 |w (DE-603)313453519 |
| 924 | 0 | |9 2080 |a (DE-603)788779184 |b DE-2080 |c HES |d d |g / | |


